Guess the EPIC: The Musical song #7 - Statistics

General Stats
  • This quiz has been taken 42 times
  • The average score is 354 of 477
Answer Stats
Answer % Correct
a
100%
I
100%
I...
100%
the
100%
you
100%
You
100%
you!
100%
you,
100%
an
96%
Ha!
96%
he?
96%
he
96%
it,
96%
it!
96%
it
96%
It
96%
We
96%
we
96%
who
96%
and
93%
And
93%
do
93%
don't
93%
is
93%
No!
93%
no
93%
No.
93%
of
93%
to
93%
your
93%
Your
93%
are
89%
hear
89%
my
89%
My
89%
palace
89%
palace?
89%
twenty
89%
Where
89%
wife
89%
wife.
89%
years,
89%
all,
85%
all
85%
All
85%
be
85%
dead.
85%
fight!
85%
fight
85%
Fight
85%
For
85%
for
85%
have
85%
In
85%
in
85%
I've
85%
like
85%
me,
85%
me...
85%
me!
85%
me
85%
(Ody-)
85%
(Odysseus)
85%
so
85%
So
85%
suffered
85%
at
81%
boy!
81%
can
81%
come
81%
down,
81%
down
81%
down!
81%
every
81%
him
81%
him,
81%
him...
81%
hurt
81%
know
81%
man
81%
this
81%
This
81%
arm
78%
back
78%
built
78%
enough.
78%
had...
78%
head
78%
head.
78%
king,
78%
king
78%
left
78%
Left
78%
open
78%
own
78%
think
78%
touch
78%
Troy.
78%
weapons...
78%
weapons
78%
weapons,
78%
We're
78%
were
78%
Worst
78%
but
74%
dare
74%
dare.
74%
find
74%
gods
74%
he's
74%
He's
74%
long
74%
Our
74%
our
74%
we've
74%
while
74%
win.
74%
After
70%
From
70%
has
70%
hid
70%
his
70%
leader
70%
longer
70%
monsters
70%
Now
70%
now
70%
Old
70%
pain.
70%
prince.
70%
prince!
70%
prince
70%
punishment
70%
sacked
70%
threat.
70%
us
70%
us?
70%
what?
70%
what
70%
wouldn't
70%
advantage,
67%
arms
67%
as
67%
blood
67%
Get
67%
get
67%
got
67%
Got
67%
instead,
67%
instead--
67%
Let's
67%
let's
67%
mistake!
67%
more
67%
room.
67%
room
67%
serpent's
67%
slain.
67%
that
67%
torches!
67%
unlocked...
67%
unlocked,
67%
up
67%
wanna
67%
will
67%
wrath
67%
aiming
63%
believe
63%
company
63%
comrades
63%
destroyed
63%
fair.
63%
forgive
63%
hard
63%
if
63%
made
63%
make
63%
Make
63%
plans
63%
plotting,
63%
prepared.
63%
rest
63%
seeing
63%
spared.
63%
than
63%
you'll
63%
you're
63%
You've
63%
bastard
59%
Brothers,
59%
chance
59%
chance!
59%
darkness
59%
darkness!
59%
ensure
59%
Hold
59%
I'll
59%
Keep
59%
screams
59%
shed.
59%
they're
59%
trust
59%
using
59%
young
59%
against
56%
agile,
56%
approaches.
56%
archer.
56%
assumed.
56%
busy
56%
cunning
56%
deadly
56%
desecrated,
56%
die!
56%
inside
56%
kings
56%
Me-mer...
56%
missing!
56%
ours
56%
rot.
56%
sharpest
56%
these
56%
understand
56%
unknown...
56%
unknown.
56%
armory
52%
attack
52%
battle,
52%
doomed
52%
empty-
52%
foe.
52%
handed,
52%
heat
52%
hide
52%
mer--
52%
numbers
52%
only
52%
ourselves,
52%
shadows
52%
Somewhere
52%
take.
52%
those
52%
Throw
52%
'til
52%
very
52%
armed
48%
Behind
48%
Damn...
48%
edge
48%
halls,
48%
lurks
48%
Mercy?
48%
mercy
48%
odds
48%
presence
48%
still
48%
with
48%
yourselves!
48%
barely
44%
break
44%
defeat
44%
might--
44%
off
44%
strike
44%
There's
44%
died
41%
grave
41%
tilted.
41%
home.
37%
kid's
37%
obey
37%
rape
37%
since
37%
stand!
37%
Stop!
37%
won't,
37%
bring
33%
can't
33%
'Cause
33%
commands.
33%
kill
33%
planned
33%
around,
30%
Capture
30%
drowned.
30%
fate
30%
fate!
30%
greatest
30%
hands.
30%
son.
30%
done
26%
family's
26%
going
26%
plotted
26%
heart
22%
filled
19%
hate.
19%
wrong.
19%
No matching quizzes found
Score Distribution
Percent of People with Each Score
Percentile by Number Answered
Your Score History
You have not taken this quiz